000
00296nam a22001097a 4500
999
_c
64700
_d
64697
100
_a
Mir Asif Ali
_a
15ME29
245
_a
Development of chainless hydraulic powered bicycle
260
_a
Nawabshah
_b
Quest
_c
2019
300
_a
36
700
_a
Department of Mechanical Engineering
942
_c
BK